Score 0/28 Timer 06:00
10 Plays Today
Question Only Answer % Correct
The only film in which Voldemort/Tom Riddle does not appearPrisoner of Azkaban
91.9%
The only book in which Harry doesn't attend HogwartsDeathly Hallows
88.5%
The only werewolf known to have attended HogwartsRemus Lupin
88.3%
The only student whose familiar is a toadNeville Longbottom
87.6%
The only animal (non-human) that served as a HorcruxNagini
86.6%
The only Animagus working at HogwartsMinerva McGonagall
83.3%
The only triwizard champion not to rescue anyone underwaterFleur Delacour
83.1%
The only main character whose role had to be recast due to the death of an actorAlbus Dumbledore
82%
The only person to serve as Hogwarts High InquisitorDolores Umbridge
79.6%
The only horcrux hidden inside HogwartsDiadem of Ravenclaw
78.9%
The only fake Harry injured in the Battle of the Seven PottersGeorge Weasley
78.5%
The only person to officiate a Hogwarts Quidditch match other than Madam HoochSeverus Snape
78.5%
The only person killed in the first opening of the Chamber of SecretsMoaning Myrtle
78%
The only ghost petrified in Chamber of SecretsNearly Headless Nick
77.8%
Question Only Answer % Correct
The only student known to have been expelled from HogwartsRubeus Hagrid
77.1%
The only DADA teacher who never actually taught a classMad Eye Moody
76.2%
The only student to get an award for special services to the school before 1993Tom Riddle
76%
The only DADA teacher whose tenure ends in deathQuirinus Quirrell
75.9%
The only full giant Hagrid teaches English toGrawp
75.8%
The only centaur to teach at HogwartsFirenze
72.4%
The only known free house elf other than DobbyWinky
70.9%
The only Hufflepuff seeker to defeat Harry Potter in a Quidditch matchCedric Diggory
64.5%
The only Auror to work for the Muggle Prime MinisterKingsley Shacklebolt
63%
The only non-wizard who testifies at Harry's disciplinary hearingArabella Figg
56.5%
The only Ministry employee killed to make a horcruxBertha Jorkins
27.3%
The only student to get stuck in a vanishing cabinetGraham Montague
23.4%
The only Gilderoy Lockhart book to end with a question markWho am I?
18.8%
The only character other than Harry to be administered Skele-groGriphook
10.9%
Remove Ads.
Support Sporcle.
Get the best of Sporcle when you Go Orange. This ad-free experience offers more features, more stats, and more fun while also helping to support Sporcle. Thank you for becoming a member.

You're not logged in!

Compare scores with friends on all Sporcle quizzes.
OR
Log In

Sporcle TV

The Pottermasters - Harry Potter Unique Answers Quiz


Holly and Maria play a Harry Potter quiz that challenges them to name the only Harry Potter fact that matches each question. How will they do?

Show Comments

Extras

Top Quizzes Today


Score Distribution

Your Account Isn't Verified!

In order to create a playlist on Sporcle, you need to verify the email address you used during registration. Go to your Sporcle Settings to finish the process.

Report this User

Report this user for behavior that violates our Community Guidelines.

Details: